| 000 | 00427nam a2200169Ia 4500 | ||
|---|---|---|---|
| 008 | 230524s9999 xx 000 0 und d | ||
| 020 | _a8120326075 | ||
| 082 |
_a406.33 _bSTA |
||
| 100 |
_aStalling William _911141 |
||
| 245 | 0 | _aISDN And Broadband ISDN with Frame Reley and ATM | |
| 250 | _a4TH | ||
| 260 |
_aNEW DELHI _bPHI _c2004 |
||
| 300 | _aIX;542 | ||
| 500 | _aQuantity Number: 1 | ||
| 650 | _aComp-Sc | ||
| 942 | _cBK | ||
| 999 |
_c15205 _d15205 |
||